Normal view MARC view

Entry Uniform Title

Number of records used in: 2

001 - CONTROL NUMBER

  • control field: 2697

003 - CONTROL NUMBER IDENTIFIER

  • control field: dpl

005 - DATE AND TIME OF LATEST TRANSACTION

  • control field: 20100730145106.0

008 - FIXED-LENGTH DATA ELEMENTS

  • fixed length control field: 100730|||a|||||| | ||| d

040 ## - CATALOGING SOURCE

  • Original cataloging agency: dpl
  • Transcribing agency: dpl

130 ## - HEADING--UNIFORM TITLE

  • Uniform title: Imagine a new South Asia ; edited by John Samuel [and] Rashed Al Mahmud Titumir

670 ## - SOURCE DATA FOUND

  • Source citation: Work cat.: (dpl): Lal, C.K. 2696, Human rights, democracy and governance /, 2010

670 ## - SOURCE DATA FOUND

  • Source citation: Work cat.: (dpl): Lal, C.K. 2696, Human rights, democracy and governance /, 2010

© Delhi Public Library
Hit Counter
free hit counter